Olivia and the fairy princesses /

Olivia is having an identity crisis, there are too many ruffly, sparkly princesses around these days stealing her spotlight, so she embarks on a quest for individuality, to stand out and feel special.

Bibliographic Details
Main Author: Falconer, Ian, 1959-
Format: Book
Language:English
Published: New York : Atheneum Books for Young Readers, 2012
Edition:1st ed.
Subjects:

MARC

Tag First Indicator Second Indicator Subfields
LEADER 00000cam a2200000 i 4500
001 in00002783461
005 20150922150618.0
008 120218t20122012nyua a 000 1 eng
010 |a  2011053046 
020 |a 9781442450271 (hbk.) 
020 |a 1442450274 (hbk.) 
020 |z 9781442450288 (ebk.) 
020 |z 1442450282 (ebk.) 
035 |a (OCoLC)ocn777386169 
040 |a DLC  |e rda  |c DLC  |d UtOrBLW 
049 |a TXAM 
050 0 0 |a PZ7.F1865  |b Old 2012 
082 0 0 |a [E]  |2 23 
100 1 |a Falconer, Ian,  |d 1959- 
245 1 0 |a Olivia and the fairy princesses /  |c written and illustrated by Ian Falconer. 
250 |a 1st ed. 
264 1 |a New York :  |b Atheneum Books for Young Readers,  |c 2012 
264 4 |c ©2012 
300 |a 1 volume (unpaged) :  |b color illustrations ;  |c 29 cm. 
336 |a still image  |b sti  |2 rdacontent 
336 |a text  |b txt  |2 rdacontent 
337 |a unmediated  |b n  |2 rdamedia 
338 |a volume  |b nc  |2 rdacarrier 
520 |a Olivia is having an identity crisis, there are too many ruffly, sparkly princesses around these days stealing her spotlight, so she embarks on a quest for individuality, to stand out and feel special. 
650 0 |a Olivia (Fictitious character : Falconer)  |v Juvenile fiction. 
650 0 |a Individuality  |v Juvenile fiction. 
650 0 |a Princesses  |v Juvenile fiction. 
650 0 |a Swine  |v Juvenile fiction. 
650 0 |a Picture books for children. 
650 1 |a Individuality  |v Fiction. 
650 1 |a Princesses  |v Fiction. 
650 1 |a Pigs  |v Fiction. 
650 7 |a JUVENILE FICTION  |x Animals  |x Pigs.  |2 bisacsh 
650 7 |a JUVENILE FICTION  |x Imagination & Play.  |2 bisacsh 
650 7 |a JUVENILE FICTION  |x Humorous Stories.  |2 bisacsh 
945 |a PromptCat  |b 108296 
946 |a curr 
947 |a A14836012252 
948 |a cataloged  |b h  |c 2012/12/3  |d c  |e dmitchel  |f 11:50:30 am 
994 |a 92  |b TXA 
999 |a MARS 
999 f f |s 670708ad-1891-3c18-a6b9-22a8a078b88b  |i 13c60170-0e9e-3dd4-b38c-a36122168bef  |t 0 
952 f f |p normal  |a Texas A&M University  |b College Station  |c Sterling C. Evans Library  |d Evans: Curriculum Collection (4th floor)  |t 0  |e PZ7.F1865 Old 2012  |h Library of Congress classification  |i unmediated -- volume  |m A14836012252 
998 f f |a PZ7.F1865 Old 2012  |t 0  |l Evans: Curriculum Collection (4th floor)